00921nabaa22001817a 4500003000400000005001700004008004100021040000700062100002500069245013000094300001300224500003600237505020500273505008900478650002700567650003300594773011200627OSt20260129015011.0190701b xxu||||| |||| 00| 0 spa d cPJ aCanda, Fabián Omar10aPrincipios fundamentales del procedimiento administrativo en la LNPA reformada según la Ley de Bases /bFabián O. Canda.  ap. 19-35 aCita: TR LALEY AR/DOC/804/2025  aSumario: I. Valores, principios y reglas.— II. Diseño de los principios fundamentales en la LNPA, reformada por ley 27.742.— III. Los principios fundamentales en particular.— IV. Conclusiones  t¿Te interesa el texto completo? Comunicate al correo: koha@justierradelfuego.gov.ar 0aDERECHO ADMINISTRATIVO 0aPROCEDIMIENTO ADMINISTRATIVO0 02842dBuenos Aires : AbeledoPerrot, 2012-oDA121tDerecho administrativo. Nº 159 mayo/junio 2025z18510590